000 00532 a2200169 4500
999 _c9394
_d9394
020 _a0702119342
050 _aKTL 3573 DIV 1987
100 _aDivari, Costa
_eauthor
245 _aSilke on South African income tax /
_cCosta Divaris & Stein, Michael L.
_byearbook 1987-88
264 _aCape Town :
_bJuta & Co.
_c1987
300 _a532p. :
500 _aIncludes bibliographical references
650 _aIncome tax--South Africa
651 _aSouth Africa
700 _aStein, Michael L.
_eauthor
942 _2lcc
_cBK
_h3573
_iDIV
_kKTL